[Event "Heusenstamm Schloss op"]
[Site "Heusenstamm"]
[Date "2022.11.19"]
[Round "5"]
[White "Lutze, Max"]
[Black "Neininger, Ralph"]
[Result "1/2-1/2"]
[WhiteElo "1787"]
[BlackElo "2123"]
[PlyCount "45"]
[EventDate "2022.11.17"]
[EventType "swiss"]
[EventRounds "7"]
[EventCountry "GER"]
[SourceTitle "CBM 212 Extra"]
[Source "ChessBase"]
[SourceDate "2023.03.31"]
[SourceVersion "1"]
[SourceVersionDate "2023.03.31"]
[SourceQuality "1"]

1. Nf3 Nf6 2. c4 c5 3. g3 d5 4. cxd5 Nxd5 5. Nc3 Nc6 6. Bg2 Nc7 7. 0-0 e5 8. a3 f6 9. e3 Ne6 10. Nh4 g6 11. Qc2 Be7 12. Nd5 f5 13. Nxe7 Qxe7 14. b4 Qc7 15. Bb2 Rf8 16. Rac1 e4 17. f4 b6 18. Be5 Qd7 19. Rfd1 Ba6 20. Bf1 Bxf1 21. Kxf1 Rd8 22. Kf2 Qd5 23. Ng2 1/2-1/2

[Event "Heusenstamm Schloss op"]
[Site "Heusenstamm"]
[Date "2022.11.18"]
[Round "2"]
[White "Neininger, Ralph"]
[Black "Martin, Reiner"]
[Result "1-0"]
[WhiteElo "2123"]
[BlackElo "1996"]
[PlyCount "79"]
[EventDate "2022.11.17"]
[EventType "swiss"]
[EventRounds "7"]
[EventCountry "GER"]
[SourceTitle "CBM 212 Extra"]
[Source "ChessBase"]
[SourceDate "2023.03.31"]
[SourceVersion "1"]
[SourceVersionDate "2023.03.31"]
[SourceQuality "1"]

1. d4 Nf6 2. c4 c5 3. d5 e6 4. Nc3 exd5 5. cxd5 d6 6. Nf3 g6 7. Nd2 a6 8. a4 Bg7 9. e4 0-0 10. Be2 Re8 11. 0-0 Nbd7 12. Re1 Qc7 13. f4 Rb8 14. a5 b5 15. axb6 Rxb6 16. Kh1 h5 17. h3 Nh7 18. Ra3 Bf6 19. Bd3 Bd4 20. Qf3 Bg7 21. Nc4 Rb4 22. e5 Nb6 23. Nxb6 Rxb6 24. e6 Nf8 25. f5 gxf5 26. Qxh5 Rb4 27. Bxf5 Re7 28. Bg5 f6 29. Bc1 Bb7 30. Rd1 Rd4 31. Be3 Rb4 32. Qe2 Qb6 33. Rd2 a5 34. Ne4 Ba6 35. Qf2 Rb7 36. Nxc5 dxc5 37. Bxc5 Qb5 38. e7 Rc4 39. exf8Q+ Bxf8 40. Be6+ 1-0

[Event "Graz op-A"]
[Site "Graz"]
[Date "2022.09.08"]
[Round "6"]
[White "Eibinger, Manuel"]
[Black "Neininger, Ralph"]
[Result "1/2-1/2"]
[WhiteElo "2010"]
[BlackElo "2152"]
[PlyCount "61"]
[EventDate "2022.09.03"]
[EventType "swiss"]
[EventRounds "9"]
[EventCountry "AUT"]
[SourceTitle "EXT 2023"]
[Source "ChessBase"]
[SourceDate "2022.10.05"]
[SourceVersion "1"]
[SourceVersionDate "2022.10.05"]
[SourceQuality "1"]

1. c4 c5 2. g3 Nf6 3. Bg2 d5 4. cxd5 Nxd5 5. Nc3 Nc7 6. Qa4+ Nd7 7. d3 e6 8. Bf4 Be7 9. Nf3 0-0 10. 0-0 Nb6 11. Qc2 Nbd5 12. Bd2 b6 13. Nxd5 Nxd5 14. d4 Bb7 15. dxc5 Bxc5 16. Ng5 g6 17. Ne4 Be7 18. Bh6 Qc8 19. Qb3 Rd8 20. Rac1 Qb8 21. Rfd1 Qe5 22. Bd2 Rac8 23. Nc3 Qb8 24. Nxd5 Bxd5 25. Bxd5 Rxd5 26. Rxc8+ Qxc8 27. Bc3 Rxd1+ 28. Qxd1 Qd8 29. Qxd8+ Bxd8 30. e4 Kf8 31. Kf1 1/2-1/2

[Event "Oberliga Ost-B 2122"]
[Site "Germany"]
[Date "2022.05.21"]
[Round "4.8"]
[White "Neininger, Ralph"]
[Black "Mueller, Achim"]
[Result "1/2-1/2"]
[WhiteElo "2127"]
[BlackElo "2101"]
[PlyCount "121"]
[EventDate "2021.10.10"]
[EventType "team-tourn"]
[EventRounds "11"]
[EventCountry "GER"]
[SourceTitle "EXT 2023"]
[Source "ChessBase"]
[SourceDate "2022.10.05"]
[SourceVersion "1"]
[SourceVersionDate "2022.10.05"]
[SourceQuality "1"]
[WhiteTeam "Oberursel"]
[BlackTeam "Schoeneck"]
[WhiteTeamCountry "GER"]
[BlackTeamCountry "GER"]

1. Nf3 Nf6 2. c4 c5 3. Nc3 e6 4. g3 b6 5. Bg2 Bb7 6. 0-0 Be7 7. b3 0-0 8. Bb2 a6 9. Rc1 d6 10. d4 cxd4 11. Nxd4 Bxg2 12. Kxg2 Qc7 13. e4 Nbd7 14. Qe2 Rfe8 15. Rfd1 Rad8 16. f3 Qb7 17. Qf2 Bf8 18. Rd2 g6 19. Rcd1 Ne5 20. Nc2 Rd7 21. a4 Rc8 22. h3 Ne8 23. Ne3 Nc6 24. Ng4 Na5 25. Rd3 Nxb3 26. Nd5 exd5 27. Rxb3 dxe4 28. Rxb6 exf3+ 29. Kh2 Qc7 30. Qxf3 Qxb6 31. Nf6+ Kh8 32. Bd4 Qxd4 33. Rxd4 Nxf6 34. Qxf6+ Bg7 35. Qf4 Bxd4 36. Qxd4+ Kg8 37. h4 Rc5 38. Qe4 Rdc7 39. Qa8+ Kg7 40. Qxa6 R7c6 41. Qb7 Rxc4 42. a5 Rc2+ 43. Kh3 Rc7 44. Qb8 h5 45. a6 Re7 46. Qxd6 Ree2 47. Qd4+ Kh7 48. g4 Rh2+ 49. Kg3 Rhg2+ 50. Kf3 hxg4+ 51. Kf4 Rgd2 52. Qa7 Kg7 53. Qb8 Rd4+ 54. Ke3 Ra4 55. Qe5+ Kh7 56. Qf6 Ra3+ 57. Kd4 Rf3 58. Qe7 Ra2 59. a7 Rfa3 60. Qxf7+ Kh8 61. Qe8+ 1/2-1/2

[Event "BL2-West 1819"]
[Site "Germany"]
[Date "2019.03.24"]
[Round "8.8"]
[White "Neininger, Ralph"]
[Black "Lamby, Philipp"]
[Result "0-1"]
[WhiteElo "2128"]
[BlackElo "2170"]
[PlyCount "62"]
[EventDate "2018.11.21"]
[EventType "team-tourn"]
[EventRounds "9"]
[EventCountry "GER"]
[SourceTitle "CBM 190 Extra"]
[Source "ChessBase"]
[SourceDate "2019.07.15"]
[SourceVersion "1"]
[SourceVersionDate "2019.07.15"]
[SourceQuality "1"]
[WhiteTeam "Oberursel"]
[BlackTeam "Aachen SV"]
[WhiteTeamCountry "GER"]
[BlackTeamCountry "GER"]

1. Nf3 d5 2. d4 Nf6 3. c4 e6 4. e3 c5 5. Nc3 a6 6. dxc5 Bxc5 7. a3 0-0 8. b4 Ba7 9. c5 Nc6 10. Bb2 e5 11. Be2 Bf5 12. Na4 Re8 13. 0-0 Qc7 14. Nh4 Be6 15. f4 Rad8 16. fxe5 Nxe5 17. Nf5 Bxf5 18. Rxf5 Ne4 19. Qe1 Bb8 20. Qh4 Qd7 21. Raf1 Ng6 22. Qh5 Qxa4 23. Bxg7 Rd7 24. Qh6 f6 25. Bxf6 Nxf6 26. Rxf6 Be5 27. Bd1 Qb5 28. Be2 Qxe2 29. Rxg6+ Rg7 30. Rxg7+ Bxg7 31. Qb6 Qxe3+ 0-1

[Event "BL2-West 1819"]
[Site "Germany"]
[Date "2019.02.24"]
[Round "7.8"]
[White "Neininger, Ralph"]
[Black "Gohil, Harry"]
[Result "1/2-1/2"]
[WhiteElo "2123"]
[BlackElo "2228"]
[PlyCount "108"]
[EventDate "2018.11.21"]
[EventType "team-tourn"]
[EventRounds "9"]
[EventCountry "GER"]
[SourceTitle "CBM 190 Extra"]
[Source "ChessBase"]
[SourceDate "2019.07.15"]
[SourceVersion "1"]
[SourceVersionDate "2019.07.15"]
[SourceQuality "1"]
[WhiteTeam "Oberursel"]
[BlackTeam "Mainz Schott"]
[WhiteTeamCountry "GER"]
[BlackTeamCountry "GER"]

1. d4 Nf6 2. c4 g6 3. Nc3 Bg7 4. e4 0-0 5. Nf3 d6 6. h3 c5 7. d5 b5 8. cxb5 a6 9. a4 Qa5 10. Bd2 Qb4 11. Bd3 c4 12. Bc2 Qxb2 13. Rb1 Qa3 14. Qe2 Nfd7 15. Qxc4 Nb6 16. Qc7 N8d7 17. 0-0 Qc5 18. Qc6 Rb8 19. Rfc1 Bb7 20. Qxc5 Nxc5 21. Ne2 Nbxa4 22. Ned4 axb5 23. Rxb5 Ba8 24. Rcb1 Rxb5 25. Rxb5 f5 26. exf5 Bxd5 27. fxg6 hxg6 28. Bxg6 Bxf3 29. Nxf3 Nc3 30. Rb4 Nd5 31. Rg4 e5 32. Bb1 Nf6 33. Ba2+ d5 34. Nxe5 Ra8 35. Bxd5+ Nxd5 36. Bh6 Ra7 37. Kh2 Kh7 38. Bxg7 Rxg7 39. Rxg7+ Kxg7 40. g3 Kf6 41. Ng4+ Kf5 42. Kg2 Ne4 43. Kf3 Ng5+ 44. Kg2 Ne4 45. f3 Ng5 46. h4 Nh7 47. Nf2 Nf8 48. Nd3 Ne6 49. g4+ Kf6 50. Kg3 Nd4 51. Nf4 Ne7 52. h5 Nef5+ 53. gxf5 Nxf5+ 54. Kg4 Ne3+ 1/2-1/2

[Event "Frankfurt-chA"]
[Site "Frankfurt"]
[Date "2018.06.04"]
[Round "5"]
[White "Neininger, Ralph"]
[Black "Milov, Leonid"]
[Result "0-1"]
[WhiteElo "2123"]
[BlackElo "2428"]
[PlyCount "70"]
[EventDate "2018.04.30"]
[EventType "swiss"]
[EventRounds "7"]
[EventCountry "GER"]
[SourceTitle "EXT 2019"]
[Source "ChessBase"]
[SourceDate "2018.10.10"]
[SourceVersion "1"]
[SourceVersionDate "2018.10.10"]
[SourceQuality "1"]

1. d4 f5 2. Nc3 Nf6 3. Bg5 d5 4. Nf3 e6 5. e3 a6 6. Bd3 c5 7. dxc5 Bxc5 8. 0-0 Nc6 9. Bf4 Qe7 10. Ne5 0-0 11. Na4 Ba7 12. Nxc6 bxc6 13. c4 e5 14. Bg5 h6 15. Bxf6 Qxf6 16. cxd5 cxd5 17. Rc1 e4 18. Bc2 d4 19. Bb3+ Kh7 20. Bd5 Rb8 21. Rc7 Rd8 22. Rf7 Qe5 23. Rxa7 Rxd5 24. exd4 Rxd4 25. Qc2 Bd7 26. Qc5 Rd5 27. Qa3 Bxa4 28. Qxa4 Rxb2 29. Qa3 Rdd2 30. Qf8 Rxf2 31. Rxg7+ Qxg7 32. Qxg7+ Kxg7 33. Rxf2 Rb1+ 34. Rf1 Rxf1+ 35. Kxf1 f4 0-1

[Event "Frankfurt-chA"]
[Site "Frankfurt"]
[Date "2018.05.28"]
[Round "4"]
[White "Neininger, Ralph"]
[Black "Benninger, Rudolf"]
[Result "1-0"]
[WhiteElo "2123"]
[BlackElo "1895"]
[PlyCount "69"]
[EventDate "2018.04.30"]
[EventType "swiss"]
[EventRounds "7"]
[EventCountry "GER"]
[SourceTitle "EXT 2019"]
[Source "ChessBase"]
[SourceDate "2018.10.10"]
[SourceVersion "1"]
[SourceVersionDate "2018.10.10"]
[SourceQuality "1"]

1. d4 g6 2. c4 Bg7 3. e4 c5 4. Nf3 Qb6 5. dxc5 Qxc5 6. Be2 d6 7. 0-0 Nc6 8. h3 Be6 9. Be3 Qa5 10. Qc2 Nf6 11. Nc3 0-0 12. a3 Rfc8 13. b4 Qd8 14. Rad1 Qf8 15. Nb5 a5 16. Nbd4 Bd7 17. Nxc6 Bxc6 18. e5 dxe5 19. Nxe5 axb4 20. Nxc6 Rxc6 21. axb4 Rca6 22. c5 Ra2 23. Qc4 Qc8 24. Bf3 e6 25. Qb5 Nd5 26. Bxd5 exd5 27. Rxd5 Qc6 28. Qd3 Bf8 29. b5 Qe6 30. Rd8 Rxd8 31. Qxd8 Qe7 32. Rd1 Kg7 33. Qxe7 Bxe7 34. Rd7 Bf6 35. Rxb7 1-0

[Event "Frankfurt-chA"]
[Site "Frankfurt"]
[Date "2018.04.30"]
[Round "1"]
[White "Bratmann, Marc"]
[Black "Neininger, Ralph"]
[Result "0-1"]
[WhiteElo "1718"]
[BlackElo "2123"]
[PlyCount "78"]
[EventDate "2018.04.30"]
[EventType "swiss"]
[EventRounds "7"]
[EventCountry "GER"]
[SourceTitle "EXT 2019"]
[Source "ChessBase"]
[SourceDate "2018.10.10"]
[SourceVersion "1"]
[SourceVersionDate "2018.10.10"]
[SourceQuality "1"]

1. e4 e6 2. d4 d5 3. exd5 exd5 4. Nf3 Bd6 5. c4 dxc4 6. Bxc4 Nf6 7. Qe2+ Be7 8. h3 0-0 9. 0-0 Bf5 10. Nc3 Nc6 11. Be3 Nb4 12. Rac1 c6 13. Ne5 Nbd5 14. Qf3 Be6 15. Ne4 Nxe4 16. Qxe4 Nf6 17. Qc2 Bxc4 18. Qxc4 Qa5 19. Bg5 Nd5 20. Bxe7 Nxe7 21. Qb3 Qc7 22. Rfe1 Rad8 23. Re4 Qb6 24. Qxb6 axb6 25. Rce1 Nd5 26. Nf3 f6 27. a3 Kf7 28. Kf1 Rd7 29. g3 Ra8 30. h4 b5 31. Ke2 b4 32. axb4 Ra2 33. Kd3 Rxb2 34. Nd2 Rxb4 35. Ra1 g6 36. Ra8 f5 37. Ree8 Nc7 38. Rf8+ Ke7 39. Rac8 Rbxd4+ 0-1

[Event "Oberliga Ost-B 1718"]
[Site "Germany"]
[Date "2018.01.21"]
[Round "5.4"]
[White "Neininger, Ralph"]
[Black "Rolle, Eric"]
[Result "0-1"]
[WhiteElo "2064"]
[BlackElo "2196"]
[PlyCount "80"]
[EventDate "2017.10.22"]
[EventType "team-tourn"]
[EventRounds "11"]
[EventCountry "GER"]
[SourceTitle "EXT 2019"]
[Source "ChessBase"]
[SourceDate "2018.10.10"]
[SourceVersion "1"]
[SourceVersionDate "2018.10.10"]
[SourceQuality "1"]
[WhiteTeam "Frankfurt TV"]
[BlackTeam "Marburg"]
[WhiteTeamCountry "GER"]
[BlackTeamCountry "GER"]

1. d4 Nf6 2. Nf3 c5 3. c3 d5 4. dxc5 a5 5. c4 e6 6. Nc3 Bxc5 7. cxd5 Nxd5 8. Nxd5 exd5 9. e3 0-0 10. Bd3 Qe7 11. 0-0 Nc6 12. a3 Rd8 13. Qc2 h6 14. h3 Bd6 15. Bh7+ Kh8 16. Bf5 Qf6 17. Bxc8 Raxc8 18. Qb3 Ne5 19. Nxe5 Qxe5 20. g3 Qf5 21. e4 dxe4 22. Kh2 a4 23. Qe3 Be5 24. Qe2 Rd3 25. Be3 Rb3 26. Rab1 Rc6 27. Kg2 h5 28. h4 g6 29. Rfe1 Qc8 30. Rec1 Qd7 31. Rd1 Qc7 32. Rd2 Rd6 33. Rbd1 Rxd2 34. Rxd2 Qc6 35. Kh2 Qf6 36. Kg2 Rxb2 37. Rxb2 Bxb2 38. Qb5 Bxa3 39. Qe8+ Kg7 40. Qxe4 Qc6 0-1

[Event "Heusenstamm Sparkassen op-A 4th"]
[Site "Heusenstamm"]
[Date "2017.11.26"]
[Round "6"]
[White "Hochmuth, Christian"]
[Black "Neininger, Ralph"]
[Result "1/2-1/2"]
[WhiteElo "1911"]
[BlackElo "2069"]
[PlyCount "180"]
[EventDate "2017.11.23"]
[EventType "swiss"]
[EventRounds "7"]
[EventCountry "GER"]
[SourceTitle "EXT 2019"]
[Source "ChessBase"]
[SourceDate "2018.10.10"]
[SourceVersion "1"]
[SourceVersionDate "2018.10.10"]
[SourceQuality "1"]

1. c4 e5 2. Nc3 Nf6 3. Nf3 Nc6 4. g3 d5 5. cxd5 Nxd5 6. Bg2 Be6 7. d3 Be7 8. 0-0 0-0 9. Bd2 Qd7 10. a3 f6 11. Rc1 Nxc3 12. Bxc3 Bd5 13. Nd2 Bxg2 14. Kxg2 Qd5+ 15. Kg1 Nd8 16. Qb3 Qxb3 17. Nxb3 Ne6 18. Na5 Rab8 19. b4 Rfd8 20. Rfd1 Rd7 21. Kf1 a6 22. Rd2 c5 23. Rdc2 Rc7 24. bxc5 Bxc5 25. Bb4 Rbc8 26. Bxc5 Rxc5 27. Rxc5 Rxc5 28. Rxc5 Nxc5 29. Ke1 Kf7 30. Kd2 Ke6 31. Kc3 h5 32. Kb4 b6 33. Nc4 Nd7 34. Ne3 g6 35. Kc4 Kd6 36. Nc2 Nc5 37. Kc3 a5 38. e3 b5 39. Ne1 Kd5 40. f3 f5 41. h3 Ne6 42. h4 Kc5 43. Nc2 Kc6 44. Ne1 Kd5 45. Nc2 e4 46. Ne1 Nc5 47. fxe4+ fxe4 48. d4 Na4+ 49. Kb3 Nb6 50. Ng2 Nc4 51. Nf4+ Kc6 52. Nxg6 Nxe3 53. Nf4 Nf5 54. Nxh5 Nxd4+ 55. Kc3 Nf5 56. Nf4 Nxg3 57. Kd4 Nf5+ 58. Kxe4 Nxh4 59. Kd4 Nf5+ 60. Kc3 Ne7 61. Kd4 Nf5+ 62. Kc3 Kc5 63. Ne6+ Kd6 64. Nf4 Ne7 65. Kd4 Nc6+ 66. Kc3 Ke5 67. Nd3+ Kd5 68. Nf4+ Ke4 69. Nd3 Ne5 70. Nf2+ Kd5 71. Kb3 Kd4 72. Nd1 Nd3 73. Nc3 Nc5+ 74. Kc2 Kc4 75. Nd1 Kd4 76. Nc3 Kc4 77. Nd1 b4 78. axb4 axb4 79. Ne3+ Kd4 80. Nf5+ Ke4 81. Nd6+ Ke5 82. Nb7 Kd4 83. Nxc5 Kxc5 84. Kb2 Kc4 85. Kc2 b3+ 86. Kb1 Kb4 87. Kb2 Ka4 88. Kb1 Ka3 89. Ka1 b2+ 90. Kb1 Kb3 1/2-1/2

[Event "Heusenstamm Sparkassen op-A 4th"]
[Site "Heusenstamm"]
[Date "2017.11.24"]
[Round "2"]
[White "Winterberg, Lukas"]
[Black "Neininger, Ralph"]
[Result "1-0"]
[WhiteElo "2384"]
[BlackElo "2069"]
[PlyCount "47"]
[EventDate "2017.11.23"]
[EventType "swiss"]
[EventRounds "7"]
[EventCountry "GER"]
[SourceTitle "EXT 2019"]
[Source "ChessBase"]
[SourceDate "2018.10.10"]
[SourceVersion "1"]
[SourceVersionDate "2018.10.10"]
[SourceQuality "1"]

1. d4 d5 2. c4 dxc4 3. Nf3 Nf6 4. e3 b5 5. a4 b4 6. Nbd2 e6 7. Nxc4 c5 8. Be2 Nc6 9. Nce5 Bb7 10. Bb5 Qb6 11. Ng5 Be7 12. Qd3 a6 13. Bxc6+ Bxc6 14. Nexf7 0-0 15. Ne5 h6 16. Nc4 Qb7 17. Nxe6 Be4 18. Qe2 Rfe8 19. f3 cxd4 20. fxe4 Qxe4 21. Nxd4 Bc5 22. Nb3 Bf8 23. 0-0 Rac8 24. Nbd2 1-0

[Event "Frankfurt-chA"]
[Site "Frankfurt"]
[Date "2017.06.12"]
[Round "7"]
[White "Neininger, Ralph"]
[Black "Milov, Leonid"]
[Result "1/2-1/2"]
[WhiteElo "2101"]
[BlackElo "2391"]
[PlyCount "119"]
[EventDate "2017.04.24"]
[EventType "swiss"]
[EventRounds "7"]
[EventCountry "GER"]
[SourceTitle "EXT 2018"]
[Source "ChessBase"]
[SourceDate "2017.10.13"]
[SourceVersion "1"]
[SourceVersionDate "2017.10.13"]
[SourceQuality "1"]

1. d4 Nf6 2. c4 c5 3. d5 b5 4. cxb5 a6 5. b6 e6 6. Nc3 Nxd5 7. Nxd5 exd5 8. Qxd5 Nc6 9. Nf3 Rb8 10. Ne5 Qf6 11. Nxc6 dxc6 12. Qe4+ Be7 13. g3 Rxb6 14. Bg2 Be6 15. 0-0 0-0 16. Bf4 Bd5 17. Qe3 g5 18. Bc7 Rb5 19. b3 Rc8 20. Be5 Qe6 21. Rac1 Re8 22. Rfd1 h6 23. Ba1 Qxe3 24. fxe3 Bxg2 25. Kxg2 Bf8 26. Kf3 h5 27. h3 c4 28. g4 cxb3 29. axb3 hxg4+ 30. hxg4 Rxb3 31. Rd3 Rb6 32. Bf6 Be7 33. Bxe7 Rxe7 34. Rc5 f6 35. Rd6 Kf7 36. Rcxc6 Rxc6 37. Rxc6 Ra7 38. Rc4 a5 39. Ra4 Ke6 40. e4 Kd6 41. Ke3 Kc5 42. e5 fxe5 43. Ke4 Kb5 44. Ra1 a4 45. Kxe5 Rf7 46. e4 Rf4 47. Kd5 Rxg4 48. Rb1+ Ka5 49. e5 a3 50. e6 Rg2 51. Re1 Rd2+ 52. Kc6 Rd8 53. Re5+ Kb4 54. Rxg5 a2 55. Rg1 Kb3 56. Ra1 Kb2 57. Rxa2+ Kxa2 58. e7 Re8 59. Kd7 Rxe7+ 60. Kxe7 1/2-1/2

[Event "Oberliga Ost-B 1617"]
[Site "Germany"]
[Date "2017.03.19"]
[Round "8.4"]
[White "Urban, Lars"]
[Black "Neininger, Ralph"]
[Result "1-0"]
[WhiteElo "2196"]
[BlackElo "2125"]
[PlyCount "77"]
[EventDate "2016.10.16"]
[EventType "team-tourn"]
[EventRounds "11"]
[EventCountry "GER"]
[SourceTitle "EXT 2018"]
[Source "ChessBase"]
[SourceDate "2017.10.13"]
[SourceVersion "1"]
[SourceVersionDate "2017.10.13"]
[SourceQuality "1"]
[WhiteTeam "Erfurt Empor"]
[BlackTeam "Frankfurt TV"]
[WhiteTeamCountry "GER"]
[BlackTeamCountry "GER"]

1. d4 Nf6 2. c4 g6 3. Nc3 d5 4. Nf3 Bg7 5. e3 0-0 6. b4 c6 7. Bb2 Bg4 8. Qb3 Bxf3 9. gxf3 e6 10. c5 Nbd7 11. f4 Ng4 12. Qd1 Qh4 13. Qf3 f6 14. Bh3 f5 15. Bxg4 fxg4 16. Qg3 Qxg3 17. fxg3 Nf6 18. Ke2 Kf7 19. Rab1 Ke7 20. b5 Rfb8 21. Ba3 Nd7 22. h3 gxh3 23. g4 h5 24. gxh5 gxh5 25. Rxh3 Nf6 26. Kf3 a6 27. bxc6 bxc6 28. Rb6 Kd7 29. Na4 Kc7 30. Bb4 a5 31. Be1 Rh8 32. f5 Ne4 33. Bg3+ e5 34. dxe5 Ng5+ 35. Kg2 Nxh3 36. Kxh3 Rac8 37. f6 Bh6 38. e6+ Kd8 39. Rb7 1-0

[Event "Oberliga Ost-B 1617"]
[Site "Germany"]
[Date "2017.02.19"]
[Round "7.4"]
[White "Neininger, Ralph"]
[Black "Dittmar, Peter"]
[Result "1/2-1/2"]
[WhiteElo "2125"]
[BlackElo "2266"]
[PlyCount "40"]
[EventDate "2016.10.16"]
[EventType "team-tourn"]
[EventRounds "11"]
[EventCountry "GER"]
[SourceTitle "EXT 2018"]
[Source "ChessBase"]
[SourceDate "2017.10.13"]
[SourceVersion "1"]
[SourceVersionDate "2017.10.13"]
[SourceQuality "1"]
[WhiteTeam "Frankfurt TV"]
[BlackTeam "Moerlenbach Birkenau"]
[WhiteTeamCountry "GER"]
[BlackTeamCountry "GER"]

1. Nf3 d5 2. d4 Nf6 3. c4 e6 4. Nc3 c5 5. cxd5 Nxd5 6. e4 Nxc3 7. bxc3 cxd4 8. cxd4 Bb4+ 9. Bd2 Bxd2+ 10. Qxd2 0-0 11. Bc4 b6 12. 0-0 Bb7 13. Rfe1 Nd7 14. Rad1 Rc8 15. Bd3 Qe7 16. Bb1 Rfd8 17. Qf4 Qf6 18. Qe3 Qe7 19. Qf4 Qf6 20. Qe3 Qe7 1/2-1/2

[Event "Hessenliga 1516"]
[Site "Germany"]
[Date "2016.01.17"]
[Round "5.5"]
[White "Spitzl, Vinzent"]
[Black "Neininger, Ralph"]
[Result "0-1"]
[WhiteElo "2130"]
[BlackElo "2125"]
[PlyCount "104"]
[EventDate "2015.09.27"]
[EventType "team-tourn"]
[EventRounds "9"]
[EventCountry "GER"]
[SourceTitle "EXT 2018"]
[Source "ChessBase"]
[SourceDate "2017.10.13"]
[SourceVersion "1"]
[SourceVersionDate "2017.10.13"]
[SourceQuality "1"]
[WhiteTeam "Griesheim II"]
[BlackTeam "Frankfurt TV"]
[WhiteTeamCountry "GER"]
[BlackTeamCountry "GER"]

1. e4 e6 2. d4 d5 3. e5 c5 4. c3 Nc6 5. Nf3 Qb6 6. a3 Nh6 7. b4 cxd4 8. cxd4 Nf5 9. Bb2 Be7 10. Bd3 a5 11. Bxf5 exf5 12. Nc3 Be6 13. b5 a4 14. 0-0 Na5 15. Qxa4 0-0 16. Qc2 Rfc8 17. Rfc1 Nc4 18. Qb3 g5 19. Ne2 f4 20. a4 Bg4 21. Bc3 Bxf3 22. gxf3 f6 23. Rd1 Qe6 24. Kg2 Rd8 25. h3 fxe5 26. dxe5 d4 27. Nxd4 Rxd4 28. Bxd4 Ne3+ 29. Qxe3 fxe3 30. fxe3 Rf8 31. Rac1 Qd5 32. Rf1 h5 33. Kg3 Ra8 34. Rc7 Bd8 35. Rc5 Qa2 36. Rf2 Qxa4 37. Rfc2 Kf7 38. h4 gxh4+ 39. Kf4 Ke6 40. Rg2 h3 41. Rg6+ Kf7 42. Kf5 Qb3 43. e6+ Kf8 44. Kf4 Qd3 45. Rh6 h2 46. Rcxh5 Ra4 47. Rf5+ Ke8 48. Rd5 Rxd4+ 49. Rxd4 Bc7+ 50. Kg4 Qxe3 51. Rh8+ Ke7 52. Rh7+ Kf6 0-1

[Event "Eschborn op 10th"]
[Site "Eschborn"]
[Date "2013.08.31"]
[Round "2"]
[White "Neininger, Ralph"]
[Black "Stock, Juergen"]
[Result "1-0"]
[WhiteElo "2106"]
[BlackElo "1887"]
[PlyCount "73"]
[EventDate "2013.08.30"]
[EventType "swiss"]
[EventRounds "5"]
[EventCountry "GER"]
[SourceTitle "EXT 2014"]
[Source "ChessBase"]
[SourceDate "2013.11.20"]
[SourceVersion "1"]
[SourceVersionDate "2013.11.20"]
[SourceQuality "1"]

1. Nf3 b6 2. d4 Bb7 3. c4 e6 4. a3 f5 5. Nc3 Nf6 6. d5 exd5 7. cxd5 g6 8. g3 Bg7 9. Bg2 0-0 10. 0-0 Qe8 11. Be3 c5 12. dxc6 dxc6 13. b4 Na6 14. Rc1 Nc7 15. Qb3+ Kh8 16. Bd4 Ne6 17. Be5 c5 18. Bd6 Nd4 19. Nxd4 Bxg2 20. Kxg2 cxd4 21. Bxf8 Bxf8 22. Nb1 Qxe2 23. Qf3 Qxf3+ 24. Kxf3 Ng4 25. Rfd1 Bg7 26. h3 Ne5+ 27. Kg2 Rd8 28. Rc7 a5 29. f4 Nd7 30. bxa5 bxa5 31. Ra7 Nc5 32. Rc1 Ne4 33. Rcc7 Rg8 34. Re7 Nc3 35. Nxc3 dxc3 36. Rac7 h6 37. Kf3 1-0

[Event "Eschborn op 10th"]
[Site "Eschborn"]
[Date "2013.08.30"]
[Round "1"]
[White "Schellen, Sven"]
[Black "Neininger, Ralph"]
[Result "0-1"]
[WhiteElo "1685"]
[BlackElo "2106"]
[PlyCount "34"]
[EventDate "2013.08.30"]
[EventType "swiss"]
[EventRounds "5"]
[EventCountry "GER"]
[SourceTitle "EXT 2014"]
[Source "ChessBase"]
[SourceDate "2013.11.20"]
[SourceVersion "1"]
[SourceVersionDate "2013.11.20"]
[SourceQuality "1"]

1. d4 Nf6 2. c4 g6 3. Nc3 d5 4. cxd5 Nxd5 5. Bd2 Bg7 6. e3 0-0 7. Be2 e5 8. Nf3 Nc6 9. Nxd5 Qxd5 10. Bc3 exd4 11. exd4 Rd8 12. Qa4 Bd7 13. Qc4 Be6 14. Qa4 Nxd4 15. Rd1 Nxf3+ 16. Bxf3 Bxc3+ 17. bxc3 Qe5+ 0-1

[Event "Oberliga Baden 0304 "]
[Site "Germany"]
[Date "2004.01.18"]
[Round "5.7"]
[White "Tammert, Guenther"]
[Black "Neininger, Ralph"]
[Result "1-0"]
[WhiteElo "2235"]
[BlackElo "2157"]
[PlyCount "55"]
[EventDate "2003.10.12"]
[EventType "team-tourn"]
[EventRounds "9"]
[EventCountry "GER"]
[SourceTitle "EXT 2006"]
[Source "ChessBase"]
[SourceDate "2005.11.24"]
[SourceVersion "1"]
[SourceVersionDate "2005.11.24"]
[SourceQuality "1"]
[WhiteTeam "Kuppenheim"]
[BlackTeam "Freiburg"]
[WhiteTeamCountry "GER"]
[BlackTeamCountry "GER"]

1. c4 c5 2. Nc3 Nf6 3. g3 d5 4. cxd5 Nxd5 5. Bg2 Nc7 6. d3 e5 7. f4 exf4 8. Bxf4 Ne6 9. Nh3 Qd7 10. 0-0 Nc6 11. Nd5 b6 12. Ng5 Nxg5 13. Nc7+ Kd8 14. Nxa8 Ne6 15. Bh3 Bd6 16. Qb3 Bxf4 17. Rxf4 Ncd4 18. Rxd4 Qxd4+ 19. Kf1 Re8 20. Bg2 Qd6 21. Qa4 Re7 22. d4 Nxd4 23. Rd1 Qf6+ 24. Bf3 Bd7 25. Qa3 Nc2 26. Qxa7 Ne3+ 27. Kg1 Nxd1 28. Qc7+ 1-0

[Event "Oberliga Baden 9899"]
[Site "Germany"]
[Date "1999.01.24"]
[Round "5.4"]
[White "Neininger, Ralph"]
[Black "Syska, Albert"]
[Result "1/2-1/2"]
[WhiteElo "2200"]
[BlackElo "2285"]
[PlyCount "41"]
[EventDate "1998.10.??"]
[EventType "team"]
[EventRounds "9"]
[EventCountry "GER"]
[SourceTitle "EXT 2002"]
[Source "ChessBase"]
[SourceDate "2001.11.25"]
[SourceVersion "1"]
[SourceVersionDate "2001.11.25"]
[SourceQuality "1"]
[WhiteTeam "Freiburg"]
[BlackTeam "Heidelberg"]
[WhiteTeamCountry "GER"]
[BlackTeamCountry "GER"]

1. Nf3 Nf6 2. c4 b6 3. d4 e6 4. a3 Be7 5. Nc3 d5 6. g3 0-0 7. Bg2 Bb7 8. cxd5 Nxd5 9. 0-0 c5 10. Nxd5 Bxd5 11. dxc5 Bxc5 12. b4 Be7 13. Bb2 Nc6 14. Qa4 Rc8 15. Rfe1 Bf6 16. Bxf6 Qxf6 17. Rac1 Qb2 18. Rb1 Qa2 19. Ra1 Qb2 20. Rab1 Qa2 21. Ra1 1/2-1/2